000 00861cam a2200253 i 4500
001 1337160729
003 OSt
005 20250425145038.0
008 220726s2022 gw a ob 001 0 eng d
020 _z9783662639139 (hardcover)
040 _aGW5XE
_beng
_erda
_cGW5XE
_dNUST
050 4 _aTA357 DUR
100 1 _aDurst, Franz
_eAuthor
245 1 0 _aFluid mechanics :
_ban introduction to the theory of fluid flows /
_cFranz Durst.
250 _aSecond edition.
260 _aBerlin, Germany :
_bSpringer,
_c2022.
300 _axx, 818 pages ;
_bIllustrations ;
_c24 cm.
336 _atext
_btxt
_2rdacontent
337 _aunmediated
_bn
_2rdamedia
338 _avolume
_bnc
_2rdacarrier
504 _aIncludes bibliographical references and index.
650 0 _vFluid mechanics.
942 _2lcc
_cBOOKS
_eSecond edition.
_hTA357 DUR
_kTA
_mDUR
_n0
999 _c171684
_d171684